000 00889nam a22002537a 4500
005 20251108173643.0
008 250721s2006 xx 000 0 ara d
020 _a9953280770
082 1 4 _aط/574.5/مان
100 1 _aمانيان، جيرالدين
_eمؤلف
245 1 0 _aالحياة و علم البيئة : العلاقات بين الأحياء - علم البيئة و الأوساط الكبيرة في الحياة- التطور /
264 1 _aبيروت :
_bعويدات،
_c2006.
300 _a63ص.
490 0 _aبيئتنا
490 0 _aLAROUSSE
650 1 7 _aعلم البيئة
650 1 7 _aالتطور
650 1 7 _aالجغرافية الحيوية
653 _aناشئون صغار (10-14)سنة
700 1 _aالقاضي، جورج
_eمترجم
700 1 _aعبد العال، ميسر
_eمشرف
942 _2ddc
_cBK
999 _c109132
_d109132